000 00715nam a2200229 i 4500
999 _c66685
_d66685
001 C2-0253897
003 PPAK
005 20190625144132.0
008 040412s1990 my |||| ||||| | may d
040 _aPPAK
_beng
_cPPAK
_erda
082 0 4 _a338.18595117
_223
090 0 0 _a338.18595117
_bAHM
_dKK
100 0 _aAhmad Samah,
_eauthor
245 1 0 _aPerbezaan perubahan pembangunan pertanian di kalangan penanam padi di kawasan Negari Sembilan Timur
264 1 _aKuala Lumpur :
_bMARDI ,
_c1990
300 _a15 pages ;
_c25 cm
336 _2rdacontent
_atext
337 _2rdamedia
_aunmediated
338 _2rdacarrier
_avolume
650 1 0 _aAgriculture - Economic changes - Negeri Sembilan
942 _cB
_2ddc